Manual de microscopia electrónica para biólogos / (Record no. 102434)

MARC details
000 -LEADER
campo de control de longitud fija 00623nam a2200193 i 4500
001 - NÚMERO DE CONTROL
campo de control 102434
003 - IDENTIFICADOR DE NÚMERO DE CONTROL
campo de control ES-MaACL
005 - FECHA Y HORA DE LA ÚLTIMA TRANSACCIÓN
campo de control 20230906183117.0
007 - CAMPO FIJO DE DESCRIPCIÓN FÍSICA--INFORMACIÓN GENERAL
campo de control de longitud fija t|
008 - DATOS DE LONGITUD FIJA--INFORMACIÓN GENERAL
campo de control de longitud fija 051110s1974 sp ||||1| spa d
100 1# - ENTRADA PRINCIPAL--NOMBRE DE PERSONA
Nombre de persona Mercer, Edgard Howard.
9 (RLIN) 80450
245 10 - MENCIÓN DEL TÍTULO
Título Manual de microscopia electrónica para biólogos /
Mención de responsabilidad, etc. E. H. Mercer y M. S. C. Birbeck; traducción: Federico Uruburu.
250 ## - MENCION DE EDICION
Mención de edición [1ª ed.].
260 ## - PUBLICACIÓN, DISTRIBUCIÓN, ETC.
Lugar de publicación, distribución, etc. Madrid :
Nombre del editor, distribuidor, etc. Blume,
Fecha de publicación, distribución, etc. 1974.
300 ## - DESCRIPCIÓN FÍSICA
Extensión XII, 118 p. ;
Dimensiones 21 cm.
700 1# - ENTRADA AGREGADA--NOMBRE PERSONAL
Nombre de persona Birbeck, Michael Stanley Clive.
9 (RLIN) 28960
700 1# - ENTRADA AGREGADA--NOMBRE PERSONAL
Nombre de persona Uruburu, Federico.
9 (RLIN) 112271
852 ## - LOCALIZACIÓN
Ubicación ES-MaACL
Número de control de estantería E-6549
Sublocalización o colección R.90995
Holdings
Estatus retirado Estado de pérdida Estado de daño No para préstamo Biblioteca de origen Biblioteca actual Ubicación en estantería Fecha de adquisición Fuente de adquisición Total de préstamos Signatura topográfica completa Código de barras Visto por última vez Precio de reemplazo Tipo de ítem Koha
        Biblioteca del Ateneo de Madrid Biblioteca del Ateneo de Madrid Depósito 2 17/01/2008     E-6549 1106929 23/02/2023 23/02/2023 Libro impreso